Tuyển tập Nguyên Hồng

Đã lưu trong:
書目詳細資料
主要作者: Nguyên Hồng
格式: 圖書
標簽: 添加標簽
沒有標簽, 成為第一個標記此記錄!
Thư viện lưu trữ: Mạng thư viện Đại học Đà Nẵng
LEADER 00560nam a2200205 4500
001 000005190
003 1333
005 20150812140849.0
008 110811s sd
100 0 |a Nguyên Hồng 
245 0 0 |a Tuyển tập Nguyên Hồng  |c Nguyên Hồng 
774 |a Nguyên Hồng  |d Văn học  |d H.  |d 1985  |g Tập 1  |h 440 tr  |w 1334 
OWN |a LSP 
999 |a From the UDN01 
TYP |a Monograph 
TYP |a Printed language 
980 |a Mạng thư viện Đại học Đà Nẵng